| 000 | 00948nam a22003017a 4500 | ||
|---|---|---|---|
| 001 | 020045414 | ||
| 003 | DO-SdBNP | ||
| 005 | 20180215102847.0 | ||
| 007 | 020045414 | ||
| 008 | 161202b 1998 sp a ||||| |||| 00| 0 spa d | ||
| 020 | _a8421611828 | ||
| 040 |
_aBPMSU _bspa _cBPMSU |
||
| 082 |
_axxxx _bxxxx |
||
| 100 | 1 |
_aJaner Manila, Gabriel, _d1940- |
|
| 245 | 1 | 0 |
_aCuentos para los que duermen con un ojo abierto / _cGabriel Janer Manila ; ilustración, Roser Rius ; traducción, Angelina Gatel. |
| 250 | _a7ª ed. | ||
| 260 |
_aMadrid : _bBruño, _c1998. |
||
| 300 |
_a121 p. : _bil. ; _c21 c |
||
| 490 | 1 |
_aAlta mar., Cuentos _v27 |
|
| 500 | _aIncluye datos biográficos del autor | ||
| 500 | _aA partir de 10 años | ||
| 700 | 1 | 2 |
_aGatell, Angelina, _etr. |
| 700 | 1 | 2 |
_aRius, Roser, _eil. |
| 830 | 0 |
_aAlta mar., Cuentos _v27 |
|
| 942 |
_2ddc _cBK |
||
| 945 | _aInventariado, 2018 /LP | ||
| 956 |
_aLOPEREZ _b10 _c20161202 _hBPMSU |
||
| 999 |
_c12221 _d12221 |
||